000 00517nam a2200157 i 4500
001 89843
003 ES-MaACL
005 20230906180302.0
007 t|
008 050114s1970 sp ||||1| spa d
100 1 _aLastra, José María de la.
_970497
245 1 0 _aGestión de calidad de la empresa /
_c[José María de la Lastra].
260 _aMadrid :
_bOrganización Sindical :
_bVicesecretaría Nacional de Ordenación Económica,
_c1970.
300 _a112 p. ;
_c21 cm.
852 _aES-MaACL
_jC-46249
_bR.74311
999 _c89843
_d89843